2023 MLB Postseason - Statistics

General Stats
  • This quiz has been taken 752 times
  • The average score is 10 of 12
Answers on the Map
Answers color-coded by a green-red scale on the quiz's map according to % correct below.
 
Answer Stats
Team % Correct
Texas Rangers
97%
Arizona Diamondbacks
95%
Houston Astros
95%
Los Angeles Dodgers
95%
Philadelphia Phillies
93%
Atlanta Braves
89%
Tampa Bay Rays
85%
Baltimore Orioles
84%
Milwaukee Brewers
80%
Minnesota Twins
80%
Toronto Blue Jays
79%
Miami Marlins
72%
No matching quizzes found
Score Distribution
Percent of People with Each Score
Percentile by Number Answered
Your Score History
You have not taken this quiz